| 000 | 00736nam a2200217 a 4500 | ||
|---|---|---|---|
| 005 | 20240228063951.0 | ||
| 008 | 081107s2004 mx r 000 0 spa d | ||
| 020 | _a8478645136 | ||
| 035 | _aUPN01000165124 | ||
| 049 | _aI | ||
| 050 | 4 |
_aPZ71 _bD4.3 |
|
| 100 | 1 | _aDelval, Marie-Hélène | |
| 245 | 1 | 0 |
_aGrande, mediano, pequeño : _blos tres hermanos osos / _cMarie-Héléne Deval ; il. Thierry Courtin ; tr. Jordi Martín Lloret. |
| 260 |
_aBarcelona, Esp. : _bCombel, _c2004. |
||
| 300 |
_a[14] p. : _bprincipalmente il. col. |
||
| 440 | 0 | _aPalabras menudas | |
| 534 |
_pTítulo original: _tVoici les trois frères ours |
||
| 650 | 4 |
_aLibros y lectura para niños _92290 |
|
| 700 | 1 |
_aCourtin, Thierry, _eil. |
|
| 905 | _aInfantil | ||
| 999 |
_c137236 _d137236 |
||